000 00414nam a2200181Ia 4500
001 10288
005 20260306161821.0
008 260306t1967||||xx |||||||||||||| ||spa||
041 _aESP
082 _a916.1
_bR84
100 _aRossi, Pierre
_eAUT
245 0 _aLa tunisie de bourguiba
260 _c1967
300 _a200 páginas :
_c21 cm.
650 _aGEN
654 _aCHU
942 _cLIB
_dJUS
_fJUS
_2ddc
_n
999 _c10288
_d10288